<?xml version="1.0" encoding="UTF-8"?>
<record
    xmlns:xsi="http://www.w3.org/2001/XMLSchema-instance"
    xsi:schemaLocation="http://www.loc.gov/MARC21/slim http://www.loc.gov/standards/marcxml/schema/MARC21slim.xsd"
    xmlns="http://www.loc.gov/MARC21/slim">

  <leader>01150nam a2200241Ia 4500</leader>
  <controlfield tag="003">OSt</controlfield>
  <controlfield tag="005">20210412104329.0</controlfield>
  <controlfield tag="008">210310s2012    en ad  grm    000 0 spa d</controlfield>
  <datafield tag="020" ind1=" " ind2=" ">
    <subfield code="a">9783846565551</subfield>
  </datafield>
  <datafield tag="040" ind1=" " ind2=" ">
    <subfield code="a">CO-JMCR</subfield>
    <subfield code="c">CO-JMCR</subfield>
  </datafield>
  <datafield tag="041" ind1=" " ind2=" ">
    <subfield code="a">spa</subfield>
  </datafield>
  <datafield tag="082" ind1="0" ind2="4">
    <subfield code="a">658.91 / </subfield>
    <subfield code="b">P381h</subfield>
    <subfield code="2">23</subfield>
  </datafield>
  <datafield tag="100" ind1="1" ind2=" ">
    <subfield code="a">Pelaes Le&#xF3;n, Oswaldo, </subfield>
    <subfield code="e">autor</subfield>
    <subfield code="9">25604</subfield>
  </datafield>
  <datafield tag="245" ind1="1" ind2="0">
    <subfield code="a">Hacia la calidad de los servicios de outsourcing : </subfield>
    <subfield code="b">en empresas de telecomunicaciones / </subfield>
    <subfield code="c">Oswaldo Pelaes Leon.</subfield>
  </datafield>
  <datafield tag="260" ind1=" " ind2=" ">
    <subfield code="a">Lima, (Per&#xFA;) : </subfield>
    <subfield code="b">Academia espa&#xF1;ola, </subfield>
    <subfield code="c">2012.</subfield>
  </datafield>
  <datafield tag="300" ind1=" " ind2=" ">
    <subfield code="a">112 p&#xE1;ginas : </subfield>
    <subfield code="b">ilustraciones y graficas en blanco y negro ; </subfield>
    <subfield code="c">22 cm.</subfield>
  </datafield>
  <datafield tag="500" ind1=" " ind2=" ">
    <subfield code="a">Datos biogr&#xE1;ficos del autor en tapa posterior. </subfield>
  </datafield>
  <datafield tag="505" ind1="0" ind2=" ">
    <subfield code="a">Planteamiento del problema. -- Marco te&#xF3;rico conceptual. -- Metodolog&#xED;a de la investigaci&#xF3;n.-- Presentaci&#xF3;n y an&#xE1;lisis de resultados. -- Conclusiones y recomendaciones.  </subfield>
  </datafield>
  <datafield tag="520" ind1="0" ind2=" ">
    <subfield code="a">El presente articulo tienen la finalidad de investigar la calidad de servicio que brinda una empresa de telecomunicaciones.</subfield>
  </datafield>
  <datafield tag="650" ind1="1" ind2="4">
    <subfield code="a">Calidad de servicios </subfield>
    <subfield code="x">Telecomunicaciones</subfield>
    <subfield code="9">25606</subfield>
  </datafield>
  <datafield tag="650" ind1="1" ind2="4">
    <subfield code="a">Investigaci&#xF3;n en telecomunicaciones</subfield>
    <subfield code="9">36720</subfield>
  </datafield>
  <datafield tag="942" ind1=" " ind2=" ">
    <subfield code="2">ddc</subfield>
    <subfield code="c">BK</subfield>
  </datafield>
  <datafield tag="999" ind1=" " ind2=" ">
    <subfield code="c">11468</subfield>
    <subfield code="d">11468</subfield>
  </datafield>
  <datafield tag="952" ind1=" " ind2=" ">
    <subfield code="0">0</subfield>
    <subfield code="1">0</subfield>
    <subfield code="2">ddc</subfield>
    <subfield code="4">0</subfield>
    <subfield code="7">0</subfield>
    <subfield code="a">CPL</subfield>
    <subfield code="b">CPL</subfield>
    <subfield code="c">GEN</subfield>
    <subfield code="d">2018-04-15</subfield>
    <subfield code="e">Donaci&#xF3;n</subfield>
    <subfield code="l">1</subfield>
    <subfield code="o">658.91 / P381h</subfield>
    <subfield code="p">430012179</subfield>
    <subfield code="r">2024-05-16 00:00:00</subfield>
    <subfield code="s">2024-02-06</subfield>
    <subfield code="t">Ej.1</subfield>
    <subfield code="w">2018-04-15</subfield>
    <subfield code="y">BK</subfield>
  </datafield>
</record>
